Magor Harry [1] Ako nakrúcal mega hustý zombí trhák

Bibliographic Details
Main Author: Mayle, Simon (Author)
Other Authors: Catlow, Nikalas, 1975- (Illustrator), Horská, Eva, 1940- (Translator)
Format: Book
Language:Slovak
English
PhysicalDescription:397 s. ilustr. 20 cm
Published: Bratislava Fragment 2015
ISBN:9788056401132
Edition:1. vyd.
Subjects:

MARC

LEADER 00000cam a2200000 a 4500
001 vtls011098751
003 SK-MaSNL
005 20260302013904.0
008 240314s2015 xo a c 000 j slo
015 |a SNBA2015/10 
020 |a 9788056401132  |q (viaz.) 
035 |a 94670CC0-6A83-4581-A667-D519777B0785 
035 |a urn:nbn:sk:snk-amlb0x 
035 |a urn:nbn:sk:snk-am0092zg 
040 |a SNK  |b slo  |c SNK  |e AACR2 
041 1 |a slo  |h eng 
044 |a xo  |c SK 
072 7 |a 821.111-3  |x Anglická próza, anglicky písaná  |2 konspekt 
072 7 |a 821-93  |x Literatúra pre deti a mládež (beletria)  |2 konspekt 
080 |a 821.111-321.5=162.4  |2 2001 
080 |a (0:82-321.5)  |2 2001 
080 |a 821-93  |2 2001 
100 1 |a Mayle, Simon  |4 aut  |9 657754 
240 1 0 |a Shoutykid - How Harry Riddles Made a Mega-amazing Zombie Movie  |l Slovensky 
245 1 0 |a Magor Harry  |n [1]  |p Ako nakrúcal mega hustý zombí trhák  |c Simon Mayle ; ilustroval Nikalas Catlow ; [preklad z anglického originálu Eva Horská] 
246 3 0 |a Ako nakrúcal mega hustý zombí trhák 
250 |a 1. vyd. 
260 |a Bratislava  |b Fragment  |c 2015 
300 |a 397 s.  |b ilustr.  |c 20 cm 
521 1 |a Pre čitateľov od 9 rokov 
655 7 |a anglické príbehy  |2 SNKPH  |9 70612 
655 7 |a humoristické príbehy  |2 SNKPH  |9 73041 
655 7 |a publikácie pre deti  |2 SNKPH  |9 70148 
655 7 |a English stories  |2 SNKPHeng  |9 286267 
655 7 |a Humorous stories  |2 SNKPHeng  |9 310063 
655 7 |a Children's literature  |2 SNKPHeng  |9 276039 
700 1 |a Catlow, Nikalas,  |d 1975-  |4 ill  |9 221835 
700 1 |a Horská, Eva,  |d 1940-  |4 trl  |9 90089 
852 |a Štátna vedecká knižnica v Banskej Bystrici 
919 |a 978-80-564-0113-2 
958 |a LX 
958 |a DB 
958 |a UP 
968 |b ENG 
999 |c 1014913  |d 1016843 
952 |a SNK  |b SNK  |y PREZ  |7 0  |p 17A1173706  |o snkSD 84665/1  |i snk2015/29750  |8 0  |0 0  |1 0  |4 0  |d 2015-10-27  |f 1  |l 0  |r 2017-06-30 00:00:00  |w 2026-02-24 
952 |a SNK  |b SNK  |y VYP  |7 0  |p 17A1173707  |o snkSD 84665/1 D1  |i snk2015/29751  |8 0  |0 0  |1 0  |4 0  |d 2015-10-27  |l 0  |r 2017-06-30 00:00:00  |w 2026-02-24